My first Britannica

Na minha lista:
Detalhes bibliográficos
Formato: Livro
Idioma:Undetermined
Publicado em: Chicago, ILL. Britannica Encyclopedia 2004
Assuntos:
Tags: Adicionar Tag
Sem tags, seja o primeiro a adicionar uma tag!
Thư viện lưu trữ: Trung tâm Học liệu Trường Đại học Cần Thơ
LEADER 00561nam a2200169Ia 4500
001 CTU_128879
008 210402s9999 xx 000 0 und d
020 |c 200000 
082 |a 032 
082 |b F527/Vol.5 
245 0 |a My first Britannica 
260 |a Chicago, ILL. 
260 |b Britannica Encyclopedia 
260 |c 2004 
650 |a Children’s encyclopedias and dictionaries.,Children’s atlases.,Bách khoa toàn thư thiếu nhi,Tập bản đồ thiếu nhi 
904 |i Minh 
980 |a Trung tâm Học liệu Trường Đại học Cần Thơ